Presidencia de México en Sudamérica /

Discursos, mensajes, declaraciones y entrevistas de prensa que dio Adolfo López Mateos como presidente de la República en los diversos actos en que tomó parte con motivo de su visita a Venezuela, Brasil, Argentina, Chile y Perú.

Na minha lista:
Detalhes bibliográficos
Autor Corporativo: México. Presidente. 1958-1964 (López Mateos)
Outros Autores: López Mateos, Adolfo (autor) (autor)
Formato: Livro
Idioma:espanhol
Assuntos:
Tags: Adicionar Tag
Sem tags, seja o primeiro a adicionar uma tag!

MARC

LEADER 00000nam^a2200000^a^4500
001 000131656
005 20250521000000.0
009 20260310095030.334
037 |a Acervo ITESO - Biblioteca 
041 |a ESP 
082 |a 320. 972  |b MEX 
110 |a México.  |b Presidente. 1958-1964 (López Mateos) 
245 1 0 |a Presidencia de México en Sudamérica /  |c A. López Mateos. 
264 |a México :  |b Partido Revolucionario Institucional,  |c 1960 
300 |a IX, 291 p. 
336 |a texto  |b txt  |2 rdacontenido 
337 |a sin mediación  |b n  |2 rdamedio 
338 |a volumen  |b nc  |2 rdasoporte 
520 |a Discursos, mensajes, declaraciones y entrevistas de prensa que dio Adolfo López Mateos como presidente de la República en los diversos actos en que tomó parte con motivo de su visita a Venezuela, Brasil, Argentina, Chile y Perú. 
649 |a XX 
650 |a Jefes de Estado Mexicanos -  |x Discursos 
650 |a Políticos Mexicanos -  |x Discursos 
650 |a Discurso Político 
650 |a Relaciones Internacionales -  |z México-Venezuela 
650 |a Relaciones Internacionales -  |z México-Brasil 
650 |a Relaciones Internacionales -  |z México-Argentina 
650 |a Relaciones Internacionales -  |z México-Chile 
650 |a Relaciones Internacionales -  |z México-Perú 
650 |a Política Exterior -  |z México 
650 |a Política -  |z México -  |x Historia -  |y 1958-1964 
650 |a México -  |x Condiciones Políticas 
700 |a López Mateos, Adolfo  |e (autor) 
910 |a Fondo Salvador Reynoso Reynoso 
920 |a Impresos - Libros 
930 |a Fondos Especiales 
905 |a 112 
901 |a 0800012167  |b IT2  |c ESP  |u 20250521 
902 |a https://opac.biblio.iteso.mx/vufind/Record/000131656